000 00656nam a22001457a 4500
008 140818b xxu||||| |||| 00| 0 eng d
020 _a040609439x
050 _aKD276.3.L39(1901 vol.1)
245 _aThe Law Reports(1901 vol.1) Chancery division: of the incorporated council of law reporting supreme court of judicature cases determined in the chancery division and in chancery division and in lunacy and appeal therefrom in court of appeal. /
_cedited by Sir Frederick Pallock
260 _aLondon:
_bButterworth & Co. Ltd,
_c1901.
300 _axiv,954p.:
_c24cm.
440 _pChancery Division
_vVol I
800 _aPollock, Frederick
942 _2lcc
_cBK
999 _c3465
_d10965